| 000 | 00754cab a2200241 4500 | ||
|---|---|---|---|
| 001 | WB3431-06 | ||
| 008 | 090401t1998 xxu||||| |||| 00| 0 eng d | ||
| 035 | _a(Sirsi) u87951 | ||
| 041 | _aeng | ||
| 245 | _aMillennium tender prices set to fall | ||
| 260 | _c1998 | ||
| 350 | _a0 | ||
| 490 |
_aConstruction Journal _v394(6187) 5 August 1998, 4(1) |
||
| 520 | _aTender prices will begin to fall at the beginning of the next century, but construction output may rise, according to a report by BCIS. | ||
| 650 | _aBCIS | ||
| 650 | _aBUILT ENVIRONMENT-BUILDING COSTS | ||
| 650 | _aCONSTRUCTION OUTPUT | ||
| 650 | _aGROWTH | ||
| 650 | _aTENDER PRICE FORECAST | ||
| 690 | _aBUILT ENVIRONMENT-BUILDING COSTS | ||
| 942 | _n0 | ||
| 948 | _c11/08/1998 | ||
| 999 |
_c55510 _d55510 |
||